| 000 | 00445nam a2200121Ia 4500 | ||
|---|---|---|---|
| 008 | 200909s9999 xx 000 0 und d | ||
| 020 | _a978-621-04-005-3 | ||
| 100 | _aBulusan, Ferdinand | ||
| 245 |
_cFerdinand Bulusan, Marcelo R. Raquepo, Marilyn L. Balmeo, Joselito C. Gutierrez _aFacilitating learner-centered teaching/ |
||
| 260 |
_aQuezon City: _bREX Bookstore _c2019 |
||
| 300 |
_avi, 151 pages _c25 cm. |
||
| 650 | _aStudent-centered learning | ||
| 999 |
_c364155 _d364155 |
||